10 Random Numbers 1-11 - Blind Ranking - Statistics

General Stats
  • This quiz has been taken 91 times
  • The average score is 7 of 10
Answers on the Map
Answers color-coded by a green-red scale on the quiz's map according to % correct below.
 
Answer Stats
Number % Correct
7
95%
5
86%
6
86%
2
82%
9
78%
4
76%
8
67%
1
65%
10
65%
3
58%
11
57%
No matching quizzes found
Score Distribution
Percent of People with Each Score
Percentile by Number Answered
Your Score History
You have not taken this quiz